| 000 | 00779nam a2200217 i 4500 | ||
|---|---|---|---|
| 001 | 160760 | ||
| 003 | ES-MaACL | ||
| 005 | 20250815005258.0 | ||
| 008 | 990512s1886 fr |||| | fre d | ||
| 080 | _a930.85(4) | ||
| 080 | _a308(4) | ||
| 100 | 1 |
_aNordau, Max. _985961 |
|
| 245 | 1 | 4 |
_aLes mensonges conventionnels de notre civilisation / _cMax Nordau ; ouvrage traduit sur la douzième èdition allemande par Auguste Dietrich. |
| 260 |
_aParis : _bW. Hinrichsen, _c1886 ( _eSaint-Quentin : _fImp. J. Moureau et fils) |
||
| 300 |
_aII, 398 p. ; _c23 cm. |
||
| 650 | 0 | 4 |
_aCivilización- _xHistoria _911082 |
| 650 | 0 | 7 |
_aHistoria social _2embne _913428 |
| 700 | 1 |
_aDietrich, Auguste. _944621 |
|
| 852 |
_aES-MaACL _jE-13133 _z- Enc. hol. |
||
| 999 |
_c160760 _d160760 |
||